000 00721nam a2200193 a 4500
003 0
005 20250421095826.0
008 060801s19uu xx 00 eng d
050 _aPHS GV 1469.17.S63
_b.L56 2006
100 _aLim, Michael Francis S.
245 _aThe Effects of adult rated videogames on the behavior or underaged players /
_cMichael Francis S. Lim.
260 _aLas PiƱas City, Philippines :
_bSouthville International School and Colleges,
_c2006.
300 _a37 pages :
_billustrations ;
_c28 cm.
504 _aIncludes bibliographical references.
650 _aVideo games and teenagers.
650 _aBehavioral psychology.
650 _aVideo games
_xPsychological aspects.
942 _2lcc
_cPASS
999 _c97640
_d97640